00999nam a2200265 a 4500001001000000005001700010008004100027041000800068044000800076050002200084100005600106245017500162260002600337300004400363500000900407650002900416650003800445651004300483651003400526700002400560902000800584942001100592999001500603952011500618BRCA_352620190320204324.0260709s1824----enka---###---#000-0#eng-# aeng aenk 4aF1211b.H86s 18241 aHumboldt, Alexander, Freiherr vond1769-1859.9915910aSelections from the works of the Baron de Humboldt, relating to the climate, inhabitants, productions, and mines of MéxicocA. von Humboldt ; with notes by John Taylor. aLondonbLongmanc1824 axxxiii, 310 p.bil., 1 láminac22 cm. aB13014aViajeros alemanes.9702614aMinas y recursos minerales.97027 4aMéxicoxDescripción y viajes.9103 4aMéxicoxEstadística.92091 aTaylor, John.99160 aGFM 2lcccB c3261d3261 00104070aBRCAbBRCAd2009-07-26iB130l0oF1211 .H86s 1824 (B130)p3523r2019-03-22 00:00:00w2019-03-22yB